[Event "AUT-chT2O 2122"]
[Site "Austria"]
[Date "2021.10.17"]
[Round "2.2"]
[White "Kummer, Helmut"]
[Black "Sadilek, Peter"]
[Result "0-1"]
[WhiteElo "2253"]
[BlackElo "2345"]
[PlyCount "120"]
[EventDate "2021.10.16"]
[EventType "team-tourn"]
[EventRounds "11"]
[EventCountry "AUT"]
[SourceTitle "CBM 204 Extra"]
[Source "ChessBase"]
[SourceDate "2021.11.30"]
[SourceVersion "1"]
[SourceVersionDate "2021.11.30"]
[SourceQuality "1"]
[WhiteTeam "Donaustadt"]
[BlackTeam "Tschaturanga"]
[WhiteTeamCountry "AUT"]
[BlackTeamCountry "AUT"]

1. d4 Nf6 2. c4 e6 3. Nc3 Bb4 4. e3 0-0 5. Nge2 c6 6. a3 Ba5 7. b4 Bc7 8. e4 d5 9. e5 Ne8 10. cxd5 exd5 11. g3 f6 12. f4 fxe5 13. dxe5 Nd7 14. Bg2 Bb6 15. Bb2 a5 16. Qb3 axb4 17. axb4 Rxa1+ 18. Bxa1 Qe7 19. Nd1 Nc7 20. Bd4 Bxd4 21. Nxd4 Na6 22. b5 Nb4 23. bxc6 Nc5 24. Qc3 Na4 25. Qa1 Qc5 26. cxb7 Bxb7 27. Qxa4 Qxd4 28. Qb3 Rc8 29. Bf1 Qe4+ 30. Kf2 Qxh1 31. Qxb4 Rc2+ 32. Ke1 Qxh2 33. Ne3 Rc1+ 34. Nd1 Qc2 35. Be2 Qc6 36. Qe7 h6 37. e6 Qc3+ 38. Kf2 Qc5+ 39. Qxc5 Rxc5 40. Ke3 Kf8 41. Kd4 Ra5 42. Bf3 Ke7 43. f5 Ra3 44. Ne3 Kd6 45. Bd1 h5 46. Bf3 Ba6 47. Bxd5 Rd3+ 48. Ke4 Rxd5 49. Nxd5 Bb7 50. Kf4 Bxd5 51. Kg5 Ke5 52. Kg6 Bc6 53. e7 Be8+ 54. Kg5 Bf7 55. g4 hxg4 56. Kxg4 Kf6 57. Kf4 Kxe7 58. Kg5 Be8 59. Kg4 Kf6 60. Kf4 Bd7 0-1

[Event "AUT-ch"]
[Site "Vienna"]
[Date "2018.07.25"]
[Round "5"]
[White "Menezes, Christoph"]
[Black "Kummer, Helmut"]
[Result "0-1"]
[WhiteElo "2430"]
[BlackElo "2290"]
[PlyCount "144"]
[EventDate "2018.07.22"]
[EventType "swiss"]
[EventRounds "9"]
[EventCountry "AUT"]
[SourceTitle "CBM 185 Extra"]
[Source "ChessBase"]
[SourceDate "2018.07.29"]
[SourceVersion "1"]
[SourceVersionDate "2018.07.29"]
[SourceQuality "1"]

1. Nf3 d5 2. g3 c5 3. Bg2 Nc6 4. d4 e6 5. 0-0 Nf6 6. c4 cxd4 7. Nxd4 Bc5 8. Nxc6 bxc6 9. Qa4 Bd7 10. Qc2 Rc8 11. Nc3 e5 12. Bg5 d4 13. Ne4 Be7 14. Bxf6 gxf6 15. Nd2 f5 16. Nf3 Bf6 17. e4 fxe4 18. Qxe4 0-0 19. Nxe5 Re8 20. f4 c5 21. Rfe1 Qc7 22. Bf1 Bxe5 23. fxe5 Qc6 24. Qf4 Qg6 25. Rad1 Rb8 26. Bd3 Qg7 27. Rd2 Rb6 28. Be4 Be6 29. Bd3 a5 30. g4 Reb8 31. Ree2 Rb4 32. Rc2 h6 33. h3 Qg5 34. Qe4 Kf8 35. Kh2 h5 36. Kg3 R4b6 37. Qf4 Qxf4+ 38. Kxf4 hxg4 39. hxg4 Kg7 40. Rh2 Rh8 41. Rxh8 Kxh8 42. Bf5 a4 43. Ke4 Kg7 44. Kf4 Rb8 45. Be4 Rb4 46. Bd3 Kf8 47. Kg3 Ke7 48. Kf4 Rb8 49. Be4 Rd8 50. Bd3 Rh8 51. Be4 Rh3 52. Bf3 Kd8 53. Bd5 Kd7 54. Rf2 Ke7 55. a3 Re3 56. Rd2 Re1 57. Rf2 Rg1 58. Bxe6 Kxe6 59. Rf3 Rb1 60. Rf2 Rc1 61. Ke4 Re1+ 62. Kd3 Rxe5 63. Rh2 Re3+ 64. Kd2 Rb3 65. Kc1 Ke5 66. Rh5+ Ke4 67. Rxc5 Rg3 68. Rc8 Kd3 69. Kb1 Rg1+ 70. Ka2 Kc2 71. c5 d3 72. c6 Rxg4 0-1

[Event "AUT-ch"]
[Site "Graz"]
[Date "2017.08.16"]
[Round "5"]
[White "Kummer, Helmut"]
[Black "Mostbauer, Maximilian"]
[Result "1/2-1/2"]
[WhiteElo "2307"]
[BlackElo "2123"]
[PlyCount "60"]
[EventDate "2017.08.12"]
[EventType "swiss"]
[EventRounds "9"]
[EventCountry "AUT"]
[SourceTitle "CBM 180 Extra"]
[Source "ChessBase"]
[SourceDate "2017.10.06"]
[SourceVersion "1"]
[SourceVersionDate "2017.10.06"]
[SourceQuality "1"]

1. d4 e6 2. c4 b6 3. Nf3 Bb7 4. g3 Bb4+ 5. Nc3 Bxc3+ 6. bxc3 Nf6 7. Bg2 0-0 8. 0-0 d6 9. Bf4 Nc6 10. Nd2 Na5 11. e4 Nd7 12. Re1 e5 13. Be3 f5 14. exf5 Bxg2 15. Kxg2 Rxf5 16. Qg4 Qf8 17. f4 exf4 18. Bxf4 Qf7 19. Rf1 Rf8 20. Bh6 Qg6 21. Qxg6 hxg6 22. Be3 Nf6 23. Rfe1 d5 24. c5 Nc4 25. Nxc4 dxc4 26. cxb6 axb6 27. Bd2 Ne4 28. Bf4 Nxc3 29. Rac1 Nd5 30. Rxc4 Nxf4+ 1/2-1/2

[Event "AUT-ch"]
[Site "Graz"]
[Date "2017.08.13"]
[Round "2"]
[White "Frank, Emanuel"]
[Black "Kummer, Helmut"]
[Result "0-1"]
[WhiteElo "2156"]
[BlackElo "2307"]
[PlyCount "128"]
[EventDate "2017.08.12"]
[EventType "swiss"]
[EventRounds "9"]
[EventCountry "AUT"]
[SourceTitle "CBM 180 Extra"]
[Source "ChessBase"]
[SourceDate "2017.10.06"]
[SourceVersion "1"]
[SourceVersionDate "2017.10.06"]
[SourceQuality "1"]

1. d4 Nf6 2. c4 e6 3. g3 c5 4. d5 exd5 5. cxd5 d6 6. Nc3 g6 7. Bg2 Bg7 8. Nf3 0-0 9. 0-0 Nbd7 10. a4 a6 11. h3 Re8 12. Bf4 Qc7 13. Re1 Rb8 14. Rc1 b5 15. axb5 axb5 16. b4 Ne4 17. Nxe4 Rxe4 18. bxc5 Nxc5 19. Nd2 Rd4 20. Be3 Ra4 21. Ne4 Bb2 22. Rxc5 dxc5 23. Bf4 Qa5 24. Bxb8 Ra1 25. Nxc5 Rxd1 26. Rxd1 Qb6 27. Nd3 Qxb8 28. Nxb2 Qe5 29. Rc1 Bf5 30. Nd1 Qxe2 31. Ne3 b4 32. d6 Bd7 33. Bf1 Qd2 34. Rd1 Qb2 35. Nc4 Qc2 36. Ne3 Qa4 37. Rd4 Qa3 38. Rd3 b3 39. Nc4 Qb4 40. Rd2 Kg7 41. h4 Qc3 42. Rd1 b2 43. Rb1 Qc1 44. Rxb2 Bh3 45. Ne3 Qxb2 46. Bxh3 Qd4 47. h5 Qxd6 48. hxg6 hxg6 49. Bg2 f5 50. Bf3 Kf6 51. Nd5+ Ke5 52. Ne3 Qb4 53. Kg2 Qe1 54. Nc4+ Kd4 55. Ne3 Kc3 56. g4 Qb1 57. gxf5 gxf5 58. Nf1 Kd3 59. Ne3 Kd2 60. Nc4+ Ke1 61. Ne3 Qa2 62. Nd1 Qd2 63. Kg3 Qg5+ 64. Kh3 Kf1 0-1

[Event "AUT-ch"]
[Site "Graz"]
[Date "2017.08.12"]
[Round "1"]
[White "Kummer, Helmut"]
[Black "Gelbenegger, Patrick"]
[Result "1/2-1/2"]
[WhiteElo "2307"]
[BlackElo "2078"]
[PlyCount "108"]
[EventDate "2017.08.12"]
[EventType "swiss"]
[EventRounds "9"]
[EventCountry "AUT"]
[SourceTitle "CBM 180 Extra"]
[Source "ChessBase"]
[SourceDate "2017.10.06"]
[SourceVersion "1"]
[SourceVersionDate "2017.10.06"]
[SourceQuality "1"]

1. d4 d5 2. c4 e6 3. Nc3 c6 4. e3 Nf6 5. Nf3 Nbd7 6. Qc2 Be7 7. b3 0-0 8. Bb2 b6 9. Bd3 h6 10. 0-0 Bb7 11. Rac1 c5 12. cxd5 Nxd5 13. Nxd5 Bxd5 14. Rfd1 cxd4 15. e4 Bb7 16. Qc7 Rb8 17. Bxd4 Bc5 18. Qg3 Bxd4 19. Nxd4 Nc5 20. Bc2 Qe7 21. e5 a6 22. b4 Nd7 23. a3 Rfd8 24. f4 Rbc8 25. Qe3 Nf8 26. Be4 Bxe4 27. Qxe4 Rxc1 28. Rxc1 Qd7 29. Nc6 Qd2 30. Rf1 Qd3 31. Qf3 Rd7 32. Nb8 Rd8 33. Nc6 Rd7 34. Nb8 Rd8 35. Qxd3 Rxd3 36. Rc1 Ng6 37. Rc8+ Kh7 38. g3 Rxa3 39. Rc6 a5 40. Rxb6 axb4 41. Rxb4 Ra7 42. Rd4 Ne7 43. Rd7 Rxd7 44. Nxd7 g5 45. fxg5 hxg5 46. Kf2 Kg6 47. Kf3 Kf5 48. g4+ Kg6 49. Ke3 Nd5+ 50. Kd4 Kg7 51. Nc5 Ne7 52. Nd3 Nd5 53. Kc5 Ne3 54. h3 Nd5 1/2-1/2